| 000 | 00580cam a2200169 4500 | ||
|---|---|---|---|
| 008 | 090513s2003 sp 000 0 spa u | ||
| 020 | _a8497722299 | ||
| 035 | _aa481150 | ||
| 050 | 0 | 4 |
_aKKT850 _bB87 2003 |
| 100 | 1 | _aBustos Moreno, Yolanda B. | |
| 245 | 1 | 3 |
_aLa responsabilidad civil en la navegación aérea : _blos daños a terceros / _cYolanda B. Bustos Moreno. |
| 250 | _a1a ed. | ||
| 260 |
_aMadrid, España : _bDYKINDSON, _c2003 |
||
| 300 |
_a588 páginas ; _c21 cm. |
||
| 650 | 7 |
_aResponsabilidad (Derecho) _zEspaña _2Lemb |
|
| 650 | 7 |
_aDerecho aeronautico _zEspaña _2Lemb |
|
| 942 |
_2lcc _cLIB |
||
| 999 |
_c147497 _d147495 |
||